000 00536nam a22001697a 4500
005 20251108175406.0
008 250721s2015 xx 000 0 ara d
082 1 4 _aم/811.1/موس
100 1 _aمعدي، الحسيني الحسيني
245 1 0 _aموسوعة الشعر الجاهلي /
264 1 _aعمان :
_bدار عالم الثقافة للنشر والتوزيع،
_c2015.
300 _a672 ص.
650 1 7 _aالشعر العربي
650 1 7 _aالعصر الجاهلي
942 _2ddc
_cREF
999 _c133056
_d133056